000
00308nam a22001337a 4500
008
181030b xxu||||| |||| 00| 0 eng d
020
_a
0876687540
041
_a
eng
080
_a
316
100
_a
50
101
_a
SOC
245
_a
Treatment Of Borderline Personality
_c
Patricia.M.CH
942
_2
udc
_c
BK
999
_c
51155
_d
51155